000 00283nam a2200109Ia 4500
008 190906s9999||||xx |||||||||||||| ||und||
100 _a Alvin Sandberg
245 0 _aEvergreen With Readings A Guide to Writing
260 _aUSA
_bPrentice Hall Inc.
_c1996
300 _a552
942 _cBK
999 _c6033
_d6033